000 00474nam a2200169 i 4500
001 51736
003 ES-MaACL
005 20240510063040.0
007 t|
008 030818s1901 it ||||1| ita d
100 1 _aD'Annunzio, Gabriele,
_d1863-1938
_942351
245 1 3 _aLa canzone di Garibaldi /
_cGabriele D'Annunzio.
260 _aMilano :
_bFratelli Treves,
_c1901.
300 _a61 p. ;
_c31 cm.
852 _aES-MaACL
_jT-995-F-4
999 _c51736
_d51736